| 000 | 00433nam a2200181Ia 4500 | ||
|---|---|---|---|
| 003 | 0100 | ||
| 008 | 130227s9999 xx 000 0 und d | ||
| 040 | _cARRUPELIB | ||
| 050 | _aJF31.M28 1940 | ||
| 100 | _aMcIlwain, Howard Charles | ||
| 245 | _aConstitutionalism ancient and modern | ||
| 260 | _aNew York | ||
| 260 | _bCornell University Press | ||
| 260 | _C1940 | ||
| 300 | _aix | ||
| 300 | _b 162p. 24cm. | ||
| 942 |
_2lcc _01 |
||
| 999 |
_c3799 _d3799 |
||